000 00496nam a2200169Ia 4500
008 230917s9999||||xx |||||||||||||| ||und||
020 _cRS385
040 _e237944
_aMAIN
041 _aEnglish
082 _a005.1 G41S
100 _aGill, Nasib Singh
245 0 _aSoft engineering: Software reliability, testing and quality assurance
260 _aNew Delhi
_bKhanna Book Publishing
_c2011
300 _axxxiv, 622 p.
500 _a2609 13/02/2017 KB17/15 30/04/17 Main Budget
942 _cBK
999 _c21411
_d21411